000 00752nam a2200241 i 4500
001 bg
100 1 _aKOWALIK, Ryszard
245 1 0 _aPodstawy teletechniki dla elektryków /
_cRyszard Kowalik, Cezary Pawlicki.
260 _aWarszawa :
_bOficyna Wydawnicza Politechniki Warszawskiej,
_c2006.
300 _a410 s. :
_brys. ;
_c24 cm.
504 _aBibliogr.
650 9 _aTelekomunikacja
655 _aPodręczniki akademickie
700 1 _aPAWLICKI, Cezary
020 _a8372076472
040 _cBPK
041 0 _apol
080 _a621.39(075.8)
920 _a83-7207-647-2
942 _cKS
008 s pl f |000 0 pol
999 _c53132
_d53132
856 _uhttp://koha.tu.koszalin.pl/cgi-bin/koha/opac-detail.pl?biblionumber=53132
_yKatalog online BPK